00492naa a2200169 a 450000100080000000500110000800800410001910000170006024501030007726000090018065000150018970000140020470000240021870000200024270000250026277300350028716576822019-02-11 2009 bl uuuu u00u1 u #d1 aCOSTA, A. S. aHeliconia genotypes under partial shadebII. evaluation of flowering stems.h[electronic resource] c2009 aHelicônia1 aLOGES, V.1 aCASTRO, A. C. R. de1 aNOGUEIRA, L. C.1 aGUIMARÃES, W. N. R. tActa Horticulturae, 813, 2009.